000 00970nam a22002297a 4500
999 _c63303
_d63303
005 20250731122408.0
008 250731s2019 en ||||| |||| 00| 0 eng d
020 _a9780702072130 X
041 _aeng
080 _a61 L-84
100 _aLloyd, Margaret
_925713
245 _aClinical communication skills for medicine /
_cMargaret Lloyd, Robert Bor, Lorraine M. Noble
250 _aFourth edition
264 _aEdinburgh:
_bElsevier,
_c2019.
300 _a170 p.:
_bill;
_c23 cm.
653 _aThe purpose of this book is to produce a practical guide to the learning and development of communication skills that is of value to students throughout their careers. The order of the chapters
653 _aკლინიკური კომუნიკაციის უნარები მედიცინაში
653 _aმედიცინა
700 _a Bor, Robert
_925714
700 _aM. Noble, Lorraine
_925715
942 _2udc
_cBK